Влияние депрессии потока нейтронов в ячейке РБМК на величину максимальной и средней температуры топлива; Известия Томского политехнического университета [Известия ТПУ]; Т. 314, № 4: Энергетика

Бібліографічні деталі
Parent link:Известия Томского политехнического университета [Известия ТПУ]/ Томский политехнический университет (ТПУ).— , 2000-
Т. 314, № 4: Энергетика.— 2009.— [С. 5-7]
Автор: Гольцев А. О.
Інші автори: Давыдова Г. Б., Давиденко В. Д.
Резюме:Заглавие с титульного листа
Электронная версия печатной публикации
Выполнена расчётная оценка влияния азимутальной неравномерности поля энерговыделения в таблетке твэла РБМК на величину максимальной и средней температуры топлива. Показано, что неучёт этого фактора приводит к систематическому занижению расчётного значения максимальной температуры топлива на несколько десятков градусов.
Мова:Російська
Опубліковано: 2009
Серія:Энергетика
Предмети:
Онлайн доступ:http://www.lib.tpu.ru/fulltext/v/Bulletin_TPU/2009/v314/i4/01.pdf
Формат: Електронний ресурс Частина з книги
KOHA link:https://koha.lib.tpu.ru/cgi-bin/koha/opac-detail.pl?biblionumber=175199

MARC

LEADER 00000nla2a2200000 4500
001 175199
005 20231031165021.0
035 |a (RuTPU)RU\TPU\book\189966 
035 |a RU\TPU\book\189661 
090 |a 175199 
100 |a 20100210d2009 k y0rusy50 ca 
101 0 |a rus 
102 |a RU 
135 |a drnn ---uucaa 
181 0 |a i  
182 0 |a b 
200 1 |a Влияние депрессии потока нейтронов в ячейке РБМК на величину максимальной и средней температуры топлива  |b Электронный ресурс  |f А. О. Гольцев, Г. Б. Давыдова, В. Д. Давиденко 
203 |a Текст  |c электронный 
215 |a 1 файл (325 Кб) 
225 1 |a Энергетика 
230 |a Электронные текстовые данные (1 файл : 325 Кб) 
300 |a Заглавие с титульного листа 
300 |a Электронная версия печатной публикации 
320 |a [Библиогр.: с. 7 (5 назв.)] 
330 |a Выполнена расчётная оценка влияния азимутальной неравномерности поля энерговыделения в таблетке твэла РБМК на величину максимальной и средней температуры топлива. Показано, что неучёт этого фактора приводит к систематическому занижению расчётного значения максимальной температуры топлива на несколько десятков градусов. 
337 |a Adobe Reader 
461 1 |0 (RuTPU)RU\TPU\book\176237  |t Известия Томского политехнического университета [Известия ТПУ]  |f Томский политехнический университет (ТПУ)  |d 2000- 
463 1 |0 (RuTPU)RU\TPU\book\189963  |t Т. 314, № 4: Энергетика  |v [С. 5-7]  |d 2009  |p 169 с. 
610 1 |a тепловыделяющие элементы 
610 1 |a ТВЭЛы 
610 1 |a реактор РБМК 
610 1 |a ядерное топливо 
610 1 |a температура 
610 1 |a энерговыделение 
610 1 |a азимутальная неравномерность поля 
610 1 |a электронный ресурс 
700 1 |a Гольцев  |b А. О. 
701 1 |a Давыдова  |b Г. Б. 
701 1 |a Давиденко  |b В. Д. 
801 1 |a RU  |b 63413507  |c 20090623  |g PSBO 
801 2 |a RU  |b 63413507  |c 20211210  |g PSBO 
856 4 |u http://www.lib.tpu.ru/fulltext/v/Bulletin_TPU/2009/v314/i4/01.pdf 
942 |c CF